| 000 | 00965nam a22001817a 4500 | ||
|---|---|---|---|
| 003 | OSt | ||
| 005 | 20260130090009.0 | ||
| 008 | 260130b |||||||| |||| 00| 0 eng d | ||
| 040 |
_aDWCL GS library _cOC |
||
| 082 | _aFic. C581c 1984 | ||
| 100 | _aCleary, Beverly | ||
| 245 |
_ahenry and ribsy _cbeverly cleary |
||
| 260 |
_aNew York _bHarperCollins Publishers Inc. _cc1954 |
||
| 300 |
_a192 _billustrations _c20cm |
||
| 520 | _aAt lasts, Henry Huggin's father has promised to take him finishing, on one condition. Henry's dog, Ribsy, has been in all sorts of trouble lately, from running off with the neighbor's barbecue roast to stealing a policeman's lunch. To go on the finishing trip, Henry must keep ribsy out of trouble no chasing cats, no digging up lawns .... and no getting anywhere near little Ramona Quimby, the pest of klickitat street. | ||
| 700 | _aBeverly Cleary | ||
| 942 |
_2ddc _cFIC. _hFic. C581c 1984 _n0 |
||
| 999 |
_c8053 _d8053 |
||